[Event "GER-ch U10"]
[Site "Willingen"]
[Date "2018.05.25"]
[Round "10"]
[White "Hubert, Nikita"]
[Black "Pauscher, Moritz"]
[Result "0-1"]
[WhiteElo "1122"]
[BlackElo "1351"]
[PlyCount "104"]
[EventDate "2018.05.19"]
[EventType "swiss"]
[EventRounds "11"]
[EventCountry "GER"]
[SourceTitle "CBM 184 Extra"]
[Source "ChessBase"]
[SourceDate "2018.06.28"]
[SourceVersion "1"]
[SourceVersionDate "2018.06.28"]
[SourceQuality "1"]

1. d4 d5 2. Nf3 Nf6 3. Bf4 Bf5 4. e3 e6 5. c3 Bd6 6. Bd3 0-0 7. Nbd2 Qe7 8. Be2 Nbd7 9. 0-0 c5 10. Bxd6 Qxd6 11. Rc1 Rac8 12. h3 c4 13. b3 b5 14. b4 a6 15. Ra1 Nb6 16. Qc1 Ra8 17. Bd1 a5 18. bxa5 Rxa5 19. Nh4 Bg6 20. Nxg6 hxg6 21. Nf3 Nbd7 22. Qb2 Rb8 23. Qb4 Qxb4 24. cxb4 Ra7 25. Bc2 Kf8 26. Ne5 Nxe5 27. dxe5 Nd7 28. f4 Ke7 29. Rfb1 Nb6 30. Kf2 Rd8 31. Rd1 Rh8 32. Kf3 Rh5 33. Rh1 Na4 34. g4 Rh8 35. Kg3 Rd7 36. Bxa4 bxa4 37. Rhc1 Rc8 38. Rab1 Rb7 39. b5 Rcb8 40. Rb4 Rxb5 41. Rxa4 Rb4 42. Ra7+ R8b7 43. Ra8 Rb8 44. Ra7+ Ke8 45. a4 R4b7 46. Ra6 Rb3 47. Kf2 Kd8 48. Ra7 R3b7 49. Ra6 Kc7 50. a5 Rb2+ 51. Kf3 Ra2 52. e4 Rb3+ 0-1

[Event "GER-ch U10"]
[Site "Willingen"]
[Date "2018.05.20"]
[Round "1"]
[White "Grabs, Peter"]
[Black "Pauscher, Moritz"]
[Result "1-0"]
[WhiteElo "1593"]
[BlackElo "1351"]
[PlyCount "87"]
[EventDate "2018.05.19"]
[EventType "swiss"]
[EventRounds "11"]
[EventCountry "GER"]
[SourceTitle "CBM 184 Extra"]
[Source "ChessBase"]
[SourceDate "2018.06.28"]
[SourceVersion "1"]
[SourceVersionDate "2018.06.28"]
[SourceQuality "1"]

1. e4 e5 2. Nf3 Nc6 3. Bb5 Qf6 4. Nc3 Bc5 5. Nd5 Qd6 6. 0-0 Nd4 7. Nxd4 Bxd4 8. c3 Bb6 9. Nxb6 axb6 10. Ba4 Nf6 11. Re1 h6 12. d4 0-0 13. f4 Qe7 14. fxe5 Ne8 15. Bc2 d6 16. exd6 cxd6 17. e5 dxe5 18. Rxe5 Qd6 19. Qe2 Nf6 20. Bf4 Qd7 21. Re7 Qg4 22. Qxg4 Bxg4 23. Rxb7 Ra6 24. Bd3 Raa8 25. Rxb6 Nd5 26. Be4 Nxb6 27. Bxa8 Rxa8 28. b3 Be6 29. c4 Nd7 30. d5 Bf5 31. d6 Nc5 32. b4 Nd3 33. Bd2 Be6 34. c5 Kf8 35. c6 Ke8 36. d7+ Kd8 37. a4 Kc7 38. b5 g5 39. Ba5+ Rxa5 40. b6+ Kxc6 41. d8Q Ne5 42. Qc7+ Kd5 43. b7 Nc6 44. Rd1+ 1-0

[Event "GER-ch U10"]
[Site "Willingen"]
[Date "2018.05.20"]
[Round "2"]
[White "Pauscher, Moritz"]
[Black "Ivanov, Alexander D"]
[Result "1-0"]
[WhiteElo "1351"]
[BlackElo "1155"]
[PlyCount "81"]
[EventDate "2018.05.19"]
[EventType "swiss"]
[EventRounds "11"]
[EventCountry "GER"]
[SourceTitle "CBM 184 Extra"]
[Source "ChessBase"]
[SourceDate "2018.06.28"]
[SourceVersion "1"]
[SourceVersionDate "2018.06.28"]
[SourceQuality "1"]

1. e4 c5 2. Nf3 g6 3. Bc4 Bg7 4. d3 Nc6 5. c3 Nf6 6. Be3 Qb6 7. Qd2 0-0 8. b4 d6 9. h3 Rd8 10. 0-0 a5 11. bxc5 dxc5 12. Qe2 Nd7 13. d4 cxd4 14. cxd4 Nxd4 15. Bxd4 Bxd4 16. Nxd4 Qxd4 17. Nd2 Nb6 18. Rad1 Qb2 19. Nf3 Qxe2 20. Rxd8+ Kg7 21. Bxe2 Bd7 22. Rxa8 Nxa8 23. Rd1 Bc6 24. e5 Nb6 25. Rb1 Na4 26. Rc1 Nb6 27. Nd4 Nd7 28. Nxc6 bxc6 29. Rxc6 Nxe5 30. Rc5 Nd7 31. Rxa5 Nb6 32. a4 e6 33. Ra6 Nd5 34. a5 Nc3 35. Kf1 Kf8 36. Ra7 Ke8 37. a6 Nd5 38. Rb7 Ne7 39. a7 Kd8 40. a8Q+ Nc8 41. Bb5 1-0